000 00387 a2200121 4500
040 _aDLC
_bDLC
082 _a954.91005 HAS
100 _aHassan Askari Rizvi Dr.
245 _aPakistan Studies: Lectures 1-7, PAK-301 (04 CD's)
_cDr. Hassan Askari Rizvi
260 _aLahore
_bVirtual University
_c2005
500 _aLectures 1-7, 8-14, 15-20, 21-30, (04 CD's)
942 _cCD
_k954.91005 HAS
_2ddc
999 _c9679
_d9679